000 00581nam a22002057a 4500
003 KOHA_MİRAKIL
005 20260407073630.0
008 260406b tu ||||| |||| 00| 0 tur d
040 _aTR-AnABB
_btur
_cTR-AnABB
041 _atur
082 _a320.9561
_bKum 1994
100 1 _aKumaş, Rahmi
245 1 0 _aBen değişmedim /
_cRahmi Kumaş
260 _aİstanbul :
_bÇağdaş Yayınları,
_c1994
300 _a251 sayfa ;
_c20 cm
500 _aYazar imzalı
650 0 4 _aSiyaset ve yönetim, Türkiye
900 _bCan ÇELIK
942 _2ddc
_cBK
999 _c10170
_d10170